Theodore Roosevelt and the rise of America to world power / (Record no. 28231)
[ view plain ]
| 000 -LEADER | |
|---|---|
| fixed length control field | 01076pam a2200301 a 4500 |
| 001 - CONTROL NUMBER | |
| control field | 28231 |
| 003 - CONTROL NUMBER IDENTIFIER | |
| rucl marc code | BD-RjUL |
| 005 - DATE AND TIME OF LATEST TRANSACTION | |
| control field | 20211209051244.0 |
| 008 - FIXED-LENGTH DATA ELEMENTS--GENERAL INFORMATION | |
| fixed length control field | 140329r1956mdu b 001 0 eng |
| 020 ## - INTERNATIONAL STANDARD BOOK NUMBER | |
| International Standard Book Number | 0801832497 (pbk.) |
| 035 ## - SYSTEM CONTROL NUMBER | |
| System control number | (BD-RjUL)28312 |
| 040 ## - CATALOGING SOURCE | |
| Original cataloging agency | DLC |
| Transcribing agency | DLC |
| Modifying agency | DLC |
| Language of cataloging | eng |
| 041 ## - LANGUAGE CODE | |
| Language code of text/sound track or separate title | eng |
| 082 00 - DEWEY DECIMAL CLASSIFICATION NUMBER | |
| Classification number | 973.9110924 |
| Edition number | 19 |
| Author mark and year | BET 1962 |
| 100 1# - MAIN ENTRY--PERSONAL NAME | |
| Personal name | Beale, Howard K. |
| Fuller form of name | (Howard Kennedy), |
| Dates associated with a name | 1899-1959. |
| 9 (RLIN) | 86460 |
| 245 10 - TITLE STATEMENT | |
| Title | Theodore Roosevelt and the rise of America to world power / |
| Statement of responsibility, etc. | Howard K. Beale. |
| 250 ## - EDITION STATEMENT | |
| Edition statement | Johns Hopkins paperbacks ed. |
| 260 ## - PUBLICATION, DISTRIBUTION, ETC. (IMPRINT) | |
| Place of publication, distribution, etc. | Baltimore : |
| Name of publisher, distributor, etc. | Johns Hopkins University Press, |
| Date of publication, distribution, etc. | 1984, c1956. |
| 300 ## - PHYSICAL DESCRIPTION | |
| Pagination | 413 p. : |
| Size | 22 cm. |
| 500 ## - GENERAL NOTE | |
| General note | Reprint. Originally published: Baltimore : Johns Hopkins Press, 1956. (The Albert Shaw lectures on diplomatic history ; 1953) |
| General note | Includes index. |
| 504 ## - BIBLIOGRAPHY, ETC. NOTE | |
| Bibliography, etc | Bibliography: p. 463-579. |
| 600 10 - SUBJECT ADDED ENTRY--PERSONAL NAME | |
| Personal name | Roosevelt, Theodore, |
| Dates associated with a name | 1858-1919. |
| 651 #0 - SUBJECT ADDED ENTRY--GEOGRAPHIC NAME | |
| Geographic name | United States |
| General subdivision | Foreign relations |
| Chronological subdivision | 1901-1909. |
| 9 (RLIN) | 86462 |
| 942 ## - ADDED ENTRY ELEMENTS (KOHA) | |
| Source of classification or shelving scheme | Dewey Decimal Classification |
| Koha item type | Books |
| Lost status | Source of classification or shelving scheme | Damaged status | Not for loan | Collection code | Permanent Location | Current Location | Shelving location | Date acquired | Source of acquisition | Total Checkouts | Full call number | Date last seen | Copy number | Koha item type |
|---|---|---|---|---|---|---|---|---|---|---|---|---|---|---|
| Dewey Decimal Classification | Added to bundle | Non-fiction | Central Library, University of Rajshahi | Central Library, University of Rajshahi | Reading Room | 24/07/1964 | Zeitlinger | 973.9110924 BET 1962 | 29/03/2014 | C-1 | Books |